[Event "Karlsruhe Grenke op"]
[Site "Karlsruhe"]
[Date "2024.03.29"]
[Round "3"]
[White "Viennot, Dylan"]
[Black "Fromm, Marius"]
[Result "0-1"]
[WhiteElo "2276"]
[BlackElo "2445"]
[PlyCount "66"]
[EventDate "2024.03.28"]
[EventType "swiss"]
[EventRounds "9"]
[EventCountry "GER"]
[SourceTitle "CB14_2024"]
[SourceDate "2024.04.01"]
[SourceVersion "1"]
[SourceVersionDate "2024.04.01"]
[SourceQuality "1"]

1. Nf3 Nf6 2. e3 c5 3. d4 g6 4. dxc5 Qa5+ 5. Nbd2 Qxc5 6. a3 Bg7 7. b4 Qc7 8. Bb2 0-0 9. c4 b6 10. Be2 Bb7 11. 0-0 d6 12. Nd4 Nbd7 13. Nb5 Qb8 14. Qb3 Rc8 15. Rac1 a6 16. Nc3 Ra7 17. Rfd1 Ba8 18. Nf3 Rac7 19. Nd4 e6 20. Nf3 d5 21. cxd5 Nxd5 22. Nb1 a5 23. Rxc7 Qxc7 24. Bxg7 Kxg7 25. Nd4 axb4 26. axb4 N7f6 27. Bf1 Ng4 28. g3 Ndxe3 29. Ba6 Nxd1 30. Bxc8 Qc1 31. Ne2 Qxc8 32. Nd4 Qc7 33. Ne2 Qc8 0-1

[Event "Titled Tuesday intern op 06th Feb Late"]
[Site "Chess.com INT"]
[Date "2024.02.06"]
[Round "2"]
[White "Fromm, Marius"]
[Black "Vachier Lagrave, Maxime"]
[Result "0-1"]
[WhiteElo "2446"]
[BlackElo "2732"]
[PlyCount "66"]
[EventDate "2024.02.06"]
[EventType "swiss (blitz)"]
[EventRounds "11"]
[EventCountry "USA"]
[SourceTitle "CB07_2024"]
[SourceDate "2024.02.14"]
[SourceVersion "1"]
[SourceVersionDate "2024.02.14"]
[SourceQuality "1"]

1. e4 c5 2. Nf3 Nc6 3. Bb5 g6 4. Bxc6 bxc6 5. 0-0 Bg7 6. Re1 Qc7 7. d3 d6 8. c3 Nf6 9. Nbd2 e5 10. d4 cxd4 11. cxd4 exd4 12. Nxd4 0-0 13. Qc2 c5 14. Nb5 Qc6 15. Nc3 Re8 16. Nc4 d5 17. Nd2 Bf5 18. f3 Rad8 19. Re2 dxe4 20. Ndxe4 Nxe4 21. Nxe4 Bd4+ 22. Be3 Bxe4 23. fxe4 Qxe4 24. Qxe4 Rxe4 25. Rae1 Rde8 26. Kf2 Rxe3 27. Rxe3 f5 28. Kf3 Bxe3 29. Rxe3 Rxe3+ 30. Kxe3 Kf7 31. Kd3 Ke6 32. Kc4 Kd6 33. Kb5 f4 0-1

[Event "Titled Tuesday intern op 06th Feb Early"]
[Site "Chess.com INT"]
[Date "2024.02.06"]
[Round "4"]
[White "Parra Gomez, Adrian"]
[Black "Fromm, Marius"]
[Result "0-1"]
[WhiteElo "2208"]
[BlackElo "2446"]
[PlyCount "94"]
[EventDate "2024.02.06"]
[EventType "swiss (blitz)"]
[EventRounds "11"]
[EventCountry "USA"]
[SourceTitle "CB07_2024"]
[SourceDate "2024.02.14"]
[SourceVersion "1"]
[SourceVersionDate "2024.02.14"]
[SourceQuality "1"]

1. d4 Nf6 2. c4 e6 3. Nc3 Bb4 4. f3 0-0 5. e4 d5 6. cxd5 exd5 7. e5 Nfd7 8. f4 c5 9. Be3 Nc6 10. Nf3 cxd4 11. Bxd4 Nxd4 12. Qxd4 Qa5 13. a3 Bxc3+ 14. Qxc3 Qxc3+ 15. bxc3 Nc5 16. c4 Be6 17. Rc1 Nb3 18. Rc3 dxc4 19. Bxc4 Rac8 20. Rxb3 Rxc4 21. 0-0 b6 22. Rb4 Rxb4 23. axb4 a5 24. bxa5 bxa5 25. Ra1 Ra8 26. Nd4 a4 27. Ra3 Bd7 28. Kf2 Rb8 29. Ra2 g6 30. h3 h5 31. Ke3 Rb1 32. Ke4 Kf8 33. Rc2 Rb7 34. Rc3 Ra7 35. Nc2 Ke7 36. Na3 Rb7 37. Kd5 Be6+ 38. Kc5 h4 39. g3 Rc7+ 40. Kb4 Rxc3 41. Kxc3 hxg3 42. Nc2 g2 43. Nd4 g1Q 44. Nc6+ Ke8 45. Nb4 Qc5+ 46. Kb2 Qxb4+ 47. Ka1 Qb3 0-1

[Event "Titled Tuesday intern op 23rd Jan Late"]
[Site "Chess.com INT"]
[Date "2024.01.23"]
[Round "7"]
[White "Fromm, Marius"]
[Black "Zhigalko, Sergei"]
[Result "0-1"]
[WhiteElo "2435"]
[BlackElo "2572"]
[PlyCount "47"]
[EventDate "2024.01.23"]
[EventType "swiss (blitz)"]
[EventRounds "11"]
[EventCountry "USA"]
[SourceTitle "CB05_2024"]
[SourceDate "2024.01.31"]
[SourceVersion "1"]
[SourceVersionDate "2024.01.31"]
[SourceQuality "1"]

1. Nf3 d5 2. g3 c6 3. Bg2 Bg4 4. 0-0 Nd7 5. c4 e6 6. d4 Ngf6 7. Nbd2 Be7 8. b3 0-0 9. Bb2 h6 10. Qc2 Bf5 11. Qc1 Rc8 12. Ba3 c5 13. cxd5 cxd4 14. Bxe7 Qxe7 15. Qd1 e5 16. Nc4 Nxd5 17. Nxd4 exd4 18. Bxd5 Nf6 19. Bg2 Rfd8 20. Rc1 Ne4 21. Qd3 b5 22. Nd2 Rxc1 23. Rxc1 Nc3 24. Rxc3 0-1

[Event "Titled Tuesday intern op 16th Jan Late"]
[Site "Chess.com INT"]
[Date "2024.01.16"]
[Round "7"]
[White "Fromm, Marius"]
[Black "Zhigalko, Sergei"]
[Result "0-1"]
[WhiteElo "2435"]
[BlackElo "2572"]
[PlyCount "78"]
[EventDate "2024.01.16"]
[EventType "swiss (blitz)"]
[EventRounds "11"]
[EventCountry "USA"]
[SourceTitle "CB04_2024"]
[SourceDate "2023.10.16"]
[SourceVersion "1"]
[SourceVersionDate "2023.10.16"]
[SourceQuality "1"]

1. e4 c5 2. Nf3 Nc6 3. Bb5 Nf6 4. Nc3 Qc7 5. Bxc6 dxc6 6. d3 Bg4 7. h3 Bh5 8. Be3 Nd7 9. g4 Bg6 10. Nh4 e6 11. Qe2 Be7 12. Nxg6 hxg6 13. 0-0-0 g5 14. Kb1 e5 15. Qd2 Qd8 16. Ne2 Nf8 17. Qc3 Qd6 18. Ng3 g6 19. Qb3 b5 20. c3 Ne6 21. Ne2 Bf6 22. Qa3 a5 23. d4 exd4 24. cxd4 b4 25. Qd3 cxd4 26. Nxd4 Rd8 27. e5 Qxe5 28. Rhe1 0-0 29. Qc2 Rxd4 30. Bxd4 Nxd4 31. Rxe5 Nxc2 32. Re4 b3 33. axb3 Nb4 34. f4 gxf4 35. Rxf4 Kg7 36. Rd7 Re8 37. Rf1 g5 38. Rd2 Re3 39. Rdf2 Nd5 0-1

[Event "Sant Boi de Llobregat op 4th"]
[Site "Sant Boi de Llobregat"]
[Date "2023.12.03"]
[Round "4"]
[White "Fromm, Marius"]
[Black "Banos, Oscar Francisco"]
[Result "1-0"]
[WhiteElo "2437"]
[BlackElo "2188"]
[PlyCount "69"]
[EventDate "2023.11.30"]
[EventType "swiss"]
[EventRounds "9"]
[EventCountry "ESP"]
[SourceTitle "CB50_2023"]
[SourceDate "2023.12.13"]
[SourceVersion "1"]
[SourceVersionDate "2023.12.13"]
[SourceQuality "1"]

1. e4 c5 2. Nf3 Nc6 3. Bb5 g6 4. 0-0 Bg7 5. Bxc6 dxc6 6. d3 Nf6 7. h3 Nd7 8. Nc3 e5 9. Be3 b6 10. Qd2 h6 11. Nh2 Nf8 12. f4 exf4 13. Bxf4 Ne6 14. Be3 c4 15. Qf2 0-0 16. dxc4 h5 17. Nf3 Ba6 18. e5 Bxc4 19. Rfd1 Qe7 20. b3 Ba6 21. Ne4 Rad8 22. c4 Rxd1+ 23. Rxd1 Rd8 24. Rd6 Rxd6 25. exd6 Qd7 26. Qh4 Kf8 27. c5 f5 28. Nf6 Qd8 29. Ng5 Bc8 30. Qc4 Bxf6 31. Nxe6+ Bxe6 32. Qxe6 Kg7 33. d7 bxc5 34. Bxc5 Qa5 35. Bf8+ 1-0

[Event "Titled Tuesday intern op 14th Nov Early"]
[Site "Chess.com INT"]
[Date "2023.11.14"]
[Round "5"]
[White "Gutierrez Olivares, Daniel"]
[Black "Fromm, Marius"]
[Result "0-1"]
[WhiteElo "2354"]
[BlackElo "2437"]
[PlyCount "68"]
[EventDate "2023.11.14"]
[EventType "swiss (blitz)"]
[EventRounds "11"]
[EventCountry "USA"]
[SourceTitle "CB47_2023"]
[SourceDate "2023.11.22"]
[SourceVersion "1"]
[SourceVersionDate "2023.11.22"]
[SourceQuality "1"]

1. Nf3 Nc6 2. d4 d5 3. a3 Bg4 4. Bf4 e6 5. e3 Bd6 6. Bg3 Nf6 7. Be2 0-0 8. Nbd2 Ne7 9. c4 c6 10. Ne5 Bxe2 11. Qxe2 c5 12. dxc5 Bxc5 13. b4 Bd6 14. c5 Bc7 15. 0-0 Nc6 16. Nxc6 bxc6 17. Bh4 a5 18. Nb3 Be5 19. Rab1 axb4 20. axb4 Qb8 21. Na5 Rc8 22. Qd3 Bxh2+ 23. Kh1 Ne4 24. g3 g5 25. Bxg5 Bxg3 26. fxg3 Nxg5 27. Rf4 Ne4 28. Rbf1 Nxg3+ 29. Kg2 Nxf1 30. Qxf1 Qe5 31. Qf3 Kh8 32. Kh3 Rg8 33. Nxc6 Qg5 34. Rh4 Ra1 0-1

[Event "Wch U20 60th"]
[Site "Mexico City"]
[Date "2023.09.30"]
[Round "9"]
[White "Vignesh, B1111"]
[Black "Fromm, Marius"]
[Result "0-1"]
[WhiteElo "2173"]
[BlackElo "2472"]
[PlyCount "124"]
[EventDate "2023.09.21"]
[EventType "swiss"]
[EventRounds "11"]
[EventCountry "MEX"]
[SourceTitle "EXT 2024"]
[Source "ChessBase"]
[SourceDate "2023.10.10"]
[SourceVersion "1"]
[SourceVersionDate "2023.10.10"]
[SourceQuality "1"]

1. e4 c5 2. Nf3 d6 3. c3 Nf6 4. Bc4 e6 5. d3 Be7 6. 0-0 0-0 7. Bb3 Nc6 8. Re1 b5 9. a4 b4 10. Nbd2 Rb8 11. Nc4 bxc3 12. bxc3 Na5 13. Nxa5 Qxa5 14. Bd2 Bb7 15. Rb1 Rfd8 16. Qc2 Bc6 17. Qa2 Qc7 18. Bf4 Bf8 19. Bg5 Be7 20. Bf4 Nh5 21. Be3 h6 22. h3 Nf6 23. Bf4 Bf8 24. Qc2 Rb6 25. Nd2 e5 26. Bg3 Rdb8 27. Qa2 Be8 28. Nc4 R6b7 29. Bc2 Bd7 30. a5 Be6 31. Rxb7 Rxb7 32. a6 Rb5 33. Bb3 Qb8 34. Bc2 Ne8 35. Ba4 Ra5 36. Qc2 Bxc4 37. dxc4 Rxa6 38. Rb1 Rb6 39. Rxb6 axb6 40. Bc6 Nc7 41. Qa4 Be7 42. h4 h5 43. Bd5 Nxd5 44. exd5 Qd8 45. Qc6 g6 46. Kf1 Bf8 47. Kg1 Bh6 48. Qb5 Kg7 49. Kf1 Bd2 50. Qb2 Bh6 51. Qb5 g5 52. f3 gxh4 53. Be1 Bf4 54. Qc6 Bg3 55. Bd2 e4 56. Be3 exf3 57. gxf3 h3 58. Qa4 Qf6 59. Qd1 Qxc3 60. Bd2 Qxc4+ 61. Kg1 Qd4+ 62. Kh1 Bf4 0-1